00976cam a22002655a 4500001001000000003000400010005001700014008004100031020001800072020001500090040004000105082002000145100003300165245007400198250004300272260005000315300003300365490002700398504005100425650004100476653002700517942000800544999001700552952014100569016602605OSt20161127150126.0131230t2014 enka frb 001 0 eng d a9781292041162 a1292041161 aStDuBDSbengcStDuBDSdUkdEG-ScBUE04a370.15222bORM1 aOrmrod, Jeanne Ellis.93640910aEducational psychology :bdeveloping learners /cJeanne Ellis Ormrod. a8th ed., Pearson new international ed. aHarlow :bPearson Education Limited,cc.2014. aii, 579 p. :bill. ;c28 cm.0 aPearson custom library aIncludes bibliographical references and index. 7aEducational psychology.2BUEsh95967 bHHUUPPSScNovember2016 2ddc c23362d23334 00102ddc40708BaccahaMAINbMAINc1STd2016-11-27ePurchaseg352.00h25135l0o370.15 ORMp000040101r2025-07-15 00:00:00v440.00yBB